| 000 | 00533nam a22001817a 4500 | ||
|---|---|---|---|
| 005 | 20151016114340.0 | ||
| 010 | _aENG-113857 | ||
| 020 |
_a9788123748146 _c45.00 |
||
| 035 | _aEN-97389 | ||
| 037 | _bDBAD/PUB | ||
| 082 | _a211.8 | ||
| 100 | _aBhagat Singh | ||
| 245 |
_aWhy I am an atheist / _cby Bhagat Singh |
||
| 260 |
_aNew Delhi _bNational Book Trust _c2015 |
||
| 270 |
_aNehru Bhawan, 5 Institutional Area, Phase -II, _bNew Delhi _e110070 |
||
| 300 |
_axvii,30p. _c21cm(pbk) |
||
| 942 |
_2ddc _cEN _mBHA _h211.8 |
||
| 999 |
_c95922 _d95922 |
||